Voces de la memoria : pensionado de zapiola 428 bahía blanca /
Guardado en:
| Autor Principal: | |
|---|---|
| Formato: | Libro |
| Publicado: |
Bahía Blanca :
Pami,
2013
|
| Materias: | |
| Etiquetas: |
Agregar Etiqueta
Sin Etiquetas, Sea el primero en etiquetar este registro!
|
| LEADER | 00888nam a22001935a 4500 | ||
|---|---|---|---|
| 001 | CEM.cems014182 | ||
| 005 | 20131211160101.0 | ||
| 008 | 130507s2013##################000#0#####d | ||
| 003 | CEMS | ||
| 082 | 0 | 4 | |a 323.4 |
| 100 | 1 | |a Calzetta, Elsa | |
| 245 | 1 | 0 | |a Voces de la memoria : |b pensionado de zapiola 428 bahía blanca / |c Elsa Calzetta ... y Otros |
| 260 | |a Bahía Blanca : |b Pami, |c 2013 | ||
| 300 | |a 193 p. | ||
| 500 | |a Este libro fue elaborado en el programa Abuelos Relatores por la Identidad, la Memoria y la Inclusión Social impulsado por el Pami en colaboración con Abuelas de Plaza de Mayo | ||
| 505 | 0 | |a Voces de la memoria : recupera a través de entrevistas y las impresiones que de éstas surgieron, veinte años vividos en el Pensionado católico de Zapiola 428 | |
| 653 | |a Historia | ||
| 653 | |a Historia bahiense | ||
| 859 | |a CEMS |b BIB. CEMS - 11 de abril |h 323.4 |i M792 |p 26744.13 |t Ej.1 | ||
